LDR 00652naa#a2200181#i#450# 001 EN\INFRA-M\bibl\126702 005 20260705062104.7 011 ## _a3033-8166 100 ## _a20260629b2026####ek#y0engy0150####ca 102 ## _aRU 200 1# _aManagement Accounting in the Digital Economy and the Development of Its General Concept _eJournal article 210 1# _aMoscow _cINFRA-M Academic Publishing LLC. _d2026 215 ## _a9 с. 608 ## _aJournal article _2local 675 ## _aБухгалтерия. Системы бухгалтерии. Бухгалтерские операции. 657.1 _z 700 #1 _aNizomov _gS. F. 700 #1 _aFayzieva _gN. G. 856 4# _azh-szf.ru _u